000 00702nam a22002057a 4500
003 OSt
005 20260423004942.0
008 260423b |||||||| |||| 00| 0 eng d
020 _a971-08-6133-6
040 _aDWC-Main Lib.
_cOC
082 _21st
_aRes. 347 R26 2001
110 _aNBSI EDITORIAL STAFF
245 _aRules of court :
_bwith amendments, pertinents laws, judicial circulars and regulatory issuances, 1st ed./
_cNBSI EDITORIAL STAFF
250 _a1st ed.
260 _aMandaluyong City : National Book Store, c2001
_bNational Book Store,
_cc2001.
300 _aii, 91 p. ;
_c22 cm.
500 _aInclude Index.
650 _a1. Civl procedure.
942 _2ddc
_cBK-0 CIRC
_hRes.
_n0
999 _c9748
_d9748